00846nam a2200265 a 450000100060000000300090000600800410001502000180005604000280007404100080010208200150011010000360012524500840016125000110024526000320025630000110028849000160029950000410031560000600035665000250041665000270044165000250046865000500049365000370054325575CO-ViMGA141112s2004 ck r 000 u spa d a9789587580259 aCO-ViMGAbspacCO-ViMGA aSPA04a864.6 E76e1 aEspinosa, Germán, 1938 - 200710aEl espejo retrovisor : bprosas dispersas : b1974 - 2007 / cGermán Espinosa a1a ed. aBogotá : bTaurus, c2013 a204 p. aPensamiento aTitulo original El espejo retrovisor aESPINOSA, GERMAN, 1938 - 2007 - COLECCIONES DE ESCRITOS14aARTICULOS DE PRENSA 14aARTICULOS DE REVISTAS 14aAUTORES COLOMBIANOS 14aENSAYOS COLOMBIANOS - COLECCIONES - SIGLO XX 14aLITERATURA COLOMBIANA - SIGLO XX